000 00692nam a2200229Ia 4500
001 2900
003 GE_BSU
008 181216s||||||||xx |||||||||||||| ||und||
020 _a58171025x
040 _cGE_BSU
080 _a33(075.8)+502
100 _aП.М. Нестеров, А.П Нестеров
245 _aЭкономика природопользования и рынок
245 _bУчебник для вузов
260 _aМосква
260 _bЗакон и право Юнити
260 _c1997
300 _a413 с. 21 см.
541 _h9 л. 10 т.
653 _aЭкономика природопользования и рынок
942 _cBK
999 _c36949
_d36949